Statistics for NBA All-Stars by Draft Class Since 1980 With Teams

Click here to take the quiz!

General Stats

  • This quiz has been taken 121 times
  • The average score is 124 of 209

Answer Stats

Draft YearPick NumberAnswerTeam when Appeared in All Star Game% Correct
1980s19843Michael JordanChicago Bulls, Washington Wizards
95%
2000s200835DeAndre JordanLos Angeles Clippers
94%
2000s20093James HardenHouston Rockets
94%
2000s20097Stephen CurryGolden State Warriors
93%
1980s198523A.C. GreenLos Angeles Lakers
92%
2010s201235Draymond GreenGolden State Warriors
92%
2010s201315Giannis AntetokounmpoMilwaukee Bucks
92%
2010s20143Joel EmbiidPhiladelphia 76ers
92%
2010s20121Anthony DavisNew Orleans Pelicans
91%
1990s19993Baron DavisCharlotte Hornets, New Orleans Hornets
91%
2010s20151Karl-Anthony TownsMinnesota Timberwolves
91%
2010s201111Klay ThompsonGolden State Warriors
91%
1990s199045Antonio DavisToronto Raptors
90%
1990s199113Dale DavisIndiana Pacers
90%
2010s201160Isaiah ThomasBoston Celtics
90%
1980s19812Isiah ThomasDetroit Pistons
90%
2010s20101John WallWashington Wizards
90%
2000s20072Kevin DurantOklahoma City Thunder, Golden State Warriors
90%
2010s20111Kyrie IrvingCleveland Cavaliers, Boston Celtics
90%
2000s20031Lebron JamesCleveland Cavaliers, Miami Heat
90%
2010s201010Paul GeorgeIndiana Pacers, Oklahoma City Thunder
90%
2000s20091Blake GriffinLos Angeles Clippers,
89%
2010s20126Damian LillardPortland Trailblazers
89%
2000s20033Carmelo AnthonyDenver Nuggets, New York Knicks
88%
2000s20054Chris PaulNew Orleans Hornets, Los Angeles Clippers
88%
1980s198936Cliff RobinsonPortland Trailblazers
88%
1980s19871David RobinsonSan Antonio Spurs
88%
2000s20081Derrick RoseChicago Bulls
88%
1990s19941Glenn RobinsonMilwaukee Bucks
88%
2010s201115Kawhi LeonardSan Antonio Spurs
88%
2000s200318David WestNew Orleans Hornets
87%
2000s20084Russell WestbrookOklahoma City Thunder
87%
2000s20034Chris BoshToronto Raptors, Miami Heat
86%
2000s20035Dwyane WadeMiami Heat
86%
1990s19921Shaquille O'NealOrlando Magic, Los Angeles Lakers, Miami Heat, Phoenix Suns
86%
2010s20123Bradley BealWashington Wizards
85%
2000s200210Caron ButlerWashington Wizards
84%
2010s201130Jimmy ButlerChicago Bulls, Minnesota Timberwolves
84%
2010s20119Kemba WalkerCharlotte Hornets
84%
2000s200748Marc GasolMemphis Grizzlies
84%
2000s20013Pau GasolMemphis Grizzlies, Los Angeles Lakers, Chicago Bulls
84%
1990s19971Tim DuncanSan Antonio Spurs
84%
1990s19966Antoine WalkerBoston Celtics
83%
1990s19955Kevin GarnettMinnesota Timberwolves, Boston Celtics
83%
2000s20085Kevin LoveMinnesota Timberwolves, Cleveland Cavaliers
83%
1990s199613Kobe BryantLos Angeles Lakers
83%
1990s19911Larry JohnsonCharlotte Hornets
83%
1990s19985Vince CarterToronto Raptors, New Jersey Nets
83%
2010s20105DeMarcus CousinsSacramento Kings, New Orleans Pelicans
82%
1990s19942Jason KiddDallas Mavericks, Phoenix Suns, New Jersey Nets
82%
2000s200110Joe JohnsonAtlanta Hawks, Brooklyn Nets
82%
1980s19877Kevin JohnsonPhoenix Suns
82%
1990s19965Ray AllenMilwaukee Bucks, Seattle SuperSonics, Boston Celtics
82%
1980s19817Steve JohnsonPortland Trailblazers
82%
1990s19961Allen IversonPhiladelphia 76ers, Denver Nuggets, Detroit Pistons,
81%
2000s20099DeMar DeRozanToronto Raptors
81%
2010s20154Kristaps PorzingisNew York Knicks
81%
1990s199810Paul PierceBoston Celtics
81%
1980s198218Ricky PierceMilwaukee Bucks
81%
2000s20041Dwight HowardOrlando Magic, Los Angeles Lakers, Houston Rockets
80%
1980s19841Hakeem OlajuwonHouston Rockets
80%
2000s200128Tony ParkerSan Antonio Spurs
80%
1980s19813Buck WilliamsNew Jersey Nets
79%
2000s20053Deron WilliamsUtah Jazz, New Jersey Nets
79%
1990s19989Dirk NowitzkiDallas Mavericks
79%
1990s199021Jayson WilliamsNew Jersey Nets
79%
1990s199617Jermaine O'NealIndiana Pacers
79%
2000s200329Josh HowardDallas Mavericks
79%
1990s19945Juwan HowardWashington Bullets
79%
2000s200347Mo WilliamsCleveland Cavaliers
79%
1980s198711Reggie MillerIndiana Pacers
78%
1990s199615Steve NashDallas Mavericks, Phoenix Suns
78%
2010s20132Victor OladipoIndiana Pacers
78%
2010s20129Andre DrummondDetroit Pistons
77%
1980s198310Jeff MaloneWashington Bullets
77%
1980s198513Karl MaloneUtah Jazz
77%
1990s199957Manu GinobiliSan Antonio Spurs
77%
1980s19851Patrick EwingNew York Knicks
77%
2000s20073Al HorfordAtlanta Hawks, Boston Celtics
76%
2000s200624Kyle LowryToronto Raptors
76%
1990s19954Rasheed WallacePortland Trailblazers, Detroit Pistons
76%
1980s19875Scottie PippenChicago Bulls
76%
2000s20021Yao MingHouston Rockets
76%
2000s200125Gerald WallaceCharlotte Bobcats
74%
1990s19979Tracy McGradyOrlando Magic, Houston Rockets
74%
1980s198627Dennis RodmanDetroit Pistons
73%
1980s198416John StocktonUtah Jazz
72%
2000s20029Amar'e StoudemirePhoenix Suns, New York Knicks
71%
1990s19902Gary PaytonSeattle SuperSonics
71%
1990s19933Penny HardawayOrlando Magic
71%
1980s198914Tim HardawayGolden State Warriors, Miami Heat
71%
2000s20062LaMarcus AldridgePortland Trailblazers, San Antonio Spurs
69%
2000s200621Rajon RondoBoston Celtics
69%
1990s19915Steve SmithAtlanta Hawks
68%
1980s19845Charles BarkleyPhiladelphia 76ers, Phoenix Suns, Houston Rockets
67%
1980s198917Shawn KempSeattle SuperSonics, Cleveland Cavaliers
67%
2010s20109Gordon HaywardUtah Jazz
66%
2000s200351Kyle KorverAtlanta Hawks
66%
1990s19931Chris WebberWashington Bullets, Sacramento Kings
65%
2000s200647Paul MillsapAtlanta Hawks
65%
1990s19922Alonzo MourningCharlotte Hornets, Miami Heat
64%
2000s20049Andre IguodalaPhiladelphia 76ers
64%
1990s19973Chauncey BillupsDetroit Pistons, Denver Nuggets
64%
1980s198314Clyde DrexlerPortland Trailblazers, Houston Rockets
64%
1980s19823Dominique WilkinsAtlanta Hawks
64%
1990s19943Grant HillDetroit Pistons, Orlando Magic
64%
1990s199011Tyrone HillCleveland Cavaliers
64%
2000s200810Brook LopezBrooklyn Nets
63%
2000s20079Joakim NoahChicago Bulls
63%
1990s19914Dikembe MutomboDenver Nuggets, Atlanta Hawks, Philadelphia 76ers
60%
2000s200131Gilbert ArenasWashington Wizards
60%
1990s19991Elton BrandLos Angeles Clippers
58%
2000s200919Jeff TeagueAtlanta Hawks
58%
1980s198625Mark PriceCleveland Cavaliers
58%
1980s19821James WorthyLos Angeles Lakers
57%
1980s19803Kevin McHaleBoston Celtics
57%
1980s198718Mark JacksonNew York Knicks
57%
1990s199410Eddie JonesLos Angeles Lakers, Charlotte Hornets
56%
2000s20001Kenyon MartinNew Jersey Nets
56%
2000s200510Andrew BynumLos Angeles Lakers
54%
1980s19857Chris MullinGolden State Warriors
54%
2000s20066Brandon RoyPortland Trailblazers
53%
2000s200235Carlos BoozerUtah Jazz
53%
1990s199614Peja StojakovicSacramento Kings
51%
2000s20047Luol DengChicago Bulls
50%
1990s199916Metta World PeaceIndiana Pacers
50%
2000s200043Michael ReddMilwaukee Bucks
50%
2000s200119Zach RandolphMemphis Grizzlies
50%
2000s200530David LeeNew York Knicks, Golden State Warriors
49%
1980s198518Joe DumarsDetroit Pistons
49%
1990s199224Latrell SprewellGolden State Warriors, New York Knicks
49%
2000s200845Goran DragicMiami Heat
48%
1990s19997Richard HamiltonDetroit Pistons
48%
1990s19999Shawn MarionPhoenix Suns
48%
1990s19992Steve FrancisHouston Rockets
48%
2000s200817Roy HibbertIndiana Pacers
47%
1980s19839Dale EllisSeattle SuperSonics
46%
1980s198926Vlade DivacSacramento Kings
46%
1990s199832Rashard LewisSeattle SuperSonics, Orlando Magic
45%
1980s198722Reggie LewisBoston Celtics
45%
2000s200517Danny GrangerIndiana Pacers
44%
1980s19831Ralph SampsonHouston Rockets
44%
2000s20012Tyson ChandlerNew York Knicks
44%
2000s20045Devin HarrisNew Jersey Nets
43%
1980s19894Glen RiceCharlotte Hornets
43%
1980s198710Horace GrantChicago Bulls
43%
1980s19861Brad DaughertyCleveland Cavaliers
42%
1990s19901Derrick ColemanNew Jersey Nets
41%
1990s19964Stephon MarburyNew Jersey Nets, Phoenix Suns
41%
1990s199924Andrei KirilenkoUtah Jazz
40%
1980s19847Alvin RobertsonSan Antonio Spurs, Milwaukee Bucks
39%
2000s200420Jameer NelsonOrlando Magic
39%
2000s200917Jrue HolidayPhiladelphia 76ers
39%
1990s19912Kenny AndersonNew Jersey Nets
39%
1980s19885Mitch RichmondSacramento Kings
39%
1990s199311Allan HoustonNew York Knicks
38%
2000s20036Chris KamanLos Angeles Clippers
38%
1980s19882Rik SmitsIndiana Pacers
38%
1990s19984Antawn JamisonWashington Wizards
37%
1980s19811Mark AguirreDallas Mavericks
37%
1980s19881Danny ManningLos Angeles Clippers
36%
1980s19858Detlef SchrempfIndiana Pacers, Seattle SuperSonics
36%
1980s198272Mark EatonUtah Jazz
36%
1990s199324Sam CassellMinnesota Timberwolves
36%
1990s199620Zydrunas IlgauskasCleveland Cavaliers
36%
1980s19859Charles OakleyNew York Knicks
35%
1990s19934Jamal MashburnNew Orleans Hornets
35%
1980s198524Terry PorterPortland Trailblazers
34%
1980s198918B.J. ArmstrongChicago Bulls
33%
1990s199337Nick Van ExelLos Angeles Lakers
33%
1990s19963Shareef Abdur-RahimAtlanta Hawks
33%
1990s19923Christian LaettnerAtlanta Hawks
32%
1980s198646Jeff HornacekPhoenix Suns
32%
1990s19953Jerry StackhouseDetroit Pistons
32%
1980s198411Kevin WillisAtlanta Hawks
31%
1980s19819Rolando BlackmanDallas Mavericks
31%
1980s19893Sean ElliottSan Antonio Spurs
31%
1990s19996Wally SzczerbiakMinnesota Timberwolves
31%
1980s198814Dan MajerlePhoenix Suns
30%
1990s199521Michael FinleyDallas Mavericks
30%
1980s19818Tom ChambersSeattle SuperSonics, Phoenix Suns
30%
2000s200138Mehmet OkurUtah Jazz
29%
1980s198853Anthony MasonMiami Heat
28%
1990s19938Vin BakerMilwaukee Bucks, Seattle SuperSonics
28%
1990s19952Antonio McDyessDenver Nuggets
26%
1980s198131Danny AingeBoston Celtics
26%
1980s19801Joe Barry CarrollGolden State Warriors
26%
1980s198120Larry NancePhoenix Suns, Cleveland Cavaliers
26%
1980s19849Otis ThorpeHouston Rockets
24%
1980s198211Fat LeverDenver Nuggets
23%
1980s19886Hersey HawkinsPhiladelphia 76ers
22%
1980s198912Mookie BlaylockAtlanta Hawks
20%
1980s19822Terry CummingsMilwaukee Bucks
20%
198566Michael AdamsWashington Bullets
19%
1990s199518Theo RatliffPhiladelphia 76ers
19%
1990s19926Tom GugliottaMinnesota Timberwolves
19%
1980s19854Xavier McDanielSeattle SuperSonics
19%
1980s198331Doc RiversAtlanta Hawks
18%
1980s198633Kevin DuckworthPortland Trailblazers
18%
1990s199048Cedric CeballosLos Angeles Lakers
17%
2000s200019Jamaal MagloireNew Orleans Hornets
16%
1980s198011Kiki VandewegheDenver Nuggets
15%
1980s198916Dana BarrosPhiladelphia 76ers
14%
1980s198213Sleepy FloydGolden State Warriors
14%
1980s19808Andrew ToneyPhiladelphia 76ers
13%
1990s199111Terrell BrandonCleveland Cavaliers
13%
1990s199116Chris GatlingDallas Mavericks
8%
1980s198025Jeff RulandWashington Bullets
8%
1980s198112Kelly TripuckaDetroit Pistons
8%

Score Distribution

Percentile by Number Answered

Percent of People with Each Score

Your Score History

You have not taken this quiz